The Charter of Rights and Freedoms

Bibliographic Details
Main Author: Sharpe, Robert J.
Other Authors: Roach, Kent
Format: eBook
Language:English
Published: Toronto: Irwin Law Inc., 2005
Edition:Tercera Edicin̤
Subjects:
Online Access:Acceso restringido

MARC

LEADER 00000nam a22000007a 4500
005 20210826231954.0
007 cr|||| ||||
008 210826s2005 ca |||||s|||| 00||0 eng d
020 |a 9781459312296 
035 |a 35248 
040 |a vLex 
090 |c 12143  |d 12143 
100 1 |a Sharpe, Robert J. 
245 1 3 |a The Charter of Rights and Freedoms  |h [Recurso electrn̤ico] /  |c Robert J. Sharpe, Kent Roach 
250 |a Tercera Edicin̤ 
256 |a Servicio en ln̕ea 
260 |a Toronto:  |b Irwin Law Inc.,  |c 2005 
300 |a 1 recurso electrn̤ico 
506 1 |a Disponible solo en los productos indicados  |d vLex Global  |d vLex Global (Academic Edition, excluding Law Schools)  |d vLex Global (U.S. Academic Edition, Law Schools)  |d vLex Global (U.S. Academic Edition, excluding Law Schools)  |d vLex Global (Academic Edition, Law Schools) 
650 0 4 |a Derecho Constitucional  |z Canad̀ 
700 1 |a Roach, Kent 
740 0 |a vLex Libros (Servicio en ln̕ea) 
856 4 0 |u https://app.vlex.com/#/sources/35248  |z Acceso restringido 
942 |c BOOK 
999 0 |a Constitutional right